000 00409nam a22001097a 4500
008 110615t xxu||||| |||| 00| 0 eng d
010 _aCACAF41
245 _aThe Court of Appeal Criminal Appeal No. 52/97 Muyambi Edison Vs Uganda.
260 _c1997
500 _aDated at Kampala this 24th .. day . of June .. 1998.
999 _c3057
_d3057